[Event "SRI-chB"]
[Site "Malabe"]
[Date "2015.06.21"]
[Round "5"]
[White "Prabajith, Asela"]
[Black "Lakshitha, HH Sasindu"]
[Result "1-0"]
[WhiteElo "1845"]
[BlackElo "1689"]
[PlyCount "71"]
[EventDate "2015.06.19"]
[EventType "swiss"]
[EventRounds "10"]
[EventCountry "SRI"]
[SourceTitle "CBM 167 Extra"]
[Source "ChessBase"]
[SourceDate "2015.09.14"]
[SourceVersion "1"]
[SourceVersionDate "2015.09.14"]
[SourceQuality "1"]

1. e4 c5 2. Nc3 Nc6 3. f4 d6 4. Nf3 g6 5. Bb5 Bg7 6. Bxc6+ bxc6 7. d3 Rb8 8. 0-0 Bg4 9. Qe1 Bxf3 10. Rxf3 Qd7 11. Rb1 Qe6 12. b3 Bd4+ 13. Kh1 f5 14. Na4 Nh6 15. e5 c4 16. c3 Bb6 17. bxc4 0-0 18. Bd2 Bc7 19. Rd1 a6 20. Bc1 Nf7 21. Rh3 Kg7 22. Qh4 h5 23. Re1 dxe5 24. Nc5 Qd6 25. d4 e4 26. Be3 e6 27. d5 exd5 28. cxd5 Nd8 29. Bd4+ Kh7 30. Qg5 Rg8 31. Ne6 Nf7 32. Qf6 Rbf8 33. Bc5 Bd8 34. Bxd6 Bxf6 35. Bxf8 Bxc3 36. Rxc3 1-0